A. WESLEY POWELL LEARNING RESOURCE CENTRE (WPLRC)

Wonderful Place to Learn, Research & Collaborate

Politics in a changing world : (Record no. 3169)

MARC details
000 -LEADER
fixed length control field 01094cam a2200301 a 4500
001 - ACCESSION NUMBER
control field 37242
003 - CONTROL NUMBER IDENTIFIER
control field OSt
005 - DATE AND TIME OF LATEST TRANSACTION
control field 20150615161242.0
008 - FIXED-LENGTH DATA ELEMENTS--GENERAL INFORMATION
fixed length control field 021209s2004 cauab b 001 0 eng
020 ## - INTERNATIONAL STANDARD BOOK NUMBER
International Standard Book Number 0534566332 (student ed. with InfoTrac college edition : pbk.)
040 ## - CATALOGING SOURCE
Original cataloging agency DDC
Transcribing agency DDC
Language of cataloging eng.
Modifying agency DDC
050 00 - LIBRARY OF CONGRESS CALL NUMBER
Classification number JA66
Item number .E88 2004
082 04 - DEWEY DECIMAL CLASSIFICATION NUMBER
Classification number 324.7
Edition number 3rd. ed.
100 1# - MAIN ENTRY--PERSONAL NAME
Personal name Ethridge, Marcus E.
245 10 - TITLE STATEMENT
Title Politics in a changing world :
Remainder of title a comparative introduction to political science /
Statement of responsibility, etc. Marcus E. Ethridge, Howard Handelman.
250 ## - EDITION STATEMENT
Edition statement 3rd ed.
260 ## - PUBLICATION, DISTRIBUTION, ETC. (IMPRINT)
Place of publication, distribution, etc. Belmont, CA :
Name of publisher, distributor, etc. Wadsworth/Thomson Learning,
Date of publication, distribution, etc. c2004.
300 ## - PHYSICAL DESCRIPTION
Extent xv, 560 p. :
Other physical details ill., maps ;
Dimensions 24 cm.
504 ## - BIBLIOGRAPHY, ETC. NOTE
Bibliography, etc Includes bibliographical references and index.
650 00 - SUBJECT ADDED ENTRY--TOPICAL TERM
Topical term or geographic name as entry element Political science.
650 00 - SUBJECT ADDED ENTRY--TOPICAL TERM
Topical term or geographic name as entry element Comparative government.
650 00 - SUBJECT ADDED ENTRY--TOPICAL TERM
Topical term or geographic name as entry element International relations.
700 1# - ADDED ENTRY--PERSONAL NAME
Personal name Handelman, Howard,
Dates associated with a name 1943-
906 ## - LOCAL DATA ELEMENT F, LDF (RLIN)
a 7
b cbc
c origcop
d 3
e ncip
f 20
g y-gencatlg
942 ## - ADDED ENTRY ELEMENTS (KOHA)
Source of classification or shelving scheme Dewey Decimal Classification
Koha item type Books
Holdings
Withdrawn status Lost status Source of classification or shelving scheme Damaged status Not for loan Collection code Home library Current library Date acquired Total Checkouts Full call number Date last seen Price effective from Koha item type
    Dewey Decimal Classification   Not For Loan Reference Wesley Powell Learning Resource Centre Wesley Powell Learning Resource Centre 06/15/2015   RBC/324.7 ETH (37242) 06/15/2015 06/15/2015 Books